给自己一杯茶的时间:全球下午茶简史 (Record no. 322695)

000 -LEADER
fixed length control field 00407 a2200145 4500
020 ## - ISBN
ISBN 9787530681282
082 ## - 索书号 Call Number
分类号Classification number 974
作者号 Author number 5450 4400
100 ## - 作者
作者 (英)海伦.萨贝 Helen Saberi 著;况潇 译
245 ## - 书名 TITLE
书名Title 给自己一杯茶的时间:全球下午茶简史
250 ## - 版本 EDITION STATEMENT
版本叙述 Edition statement 初版;精装
260 ## - 出版项PUBLICATION, DISTRIBUTION, ETC. (IMPRINT)
出版社 Name of publisher 百花文艺出版社
出版日期 Date of publication 2021
出版地 Place of publication 天津
300 ## - 稽核项 PHYSICAL DESCRIPTION
页数 Number of Pages 239页
尺寸 Dimensions 26公分
500 ## - 一般附注 GENERAL NOTE
附注 General note
942 ## - ADDED ENTRY ELEMENTS (KOHA)
Koha item type Books
Holdings
Source of classification or shelving scheme Not for loan Permanent Location Current Location Shelving location Date acquired Source of acquisition Cost, normal purchase price Full call number Barcode Cost, replacement price Koha item type
    LIBRARY CHUNG HWA HIGH SCHOOL MUAR LIBRARY CHUNG HWA HIGH SCHOOL MUAR 9 艺术类(一楼) 2026-02-06 128.00 974 5450 4400 050115 256.00 Books

Powered by Koha